| 000 | 00957nam a2200253 i 4500 | ||
|---|---|---|---|
| 001 | 18385 | ||
| 003 | DO-SdUEMH | ||
| 005 | 20260211205732.0 | ||
| 007 | ta | ||
| 008 | 260211s1995 dr a|||gr|||| 00| 0 spa d | ||
| 040 |
_aDO-SdUEMH _bspa _erda |
||
| 041 | _aspa | ||
| 082 | 1 | 4 |
_mRD _bM385 |
| 100 | 1 | _eaut | |
| 245 |
_aNociones de Sociología / _cJuan Francisco Martínez Almánzar |
||
| 264 | 1 |
_aSanto Domingo, República Dominicana : _c1995 |
|
| 264 | 4 | _c©1995 | |
| 300 |
_aviii, 181 páginas : _bilustraciones ; _c20 cm. |
||
| 336 |
_2rdacontent _atexto _btxt |
||
| 337 |
_2rdamedia _asin mediación _bn |
||
| 338 |
_2rdacarrier _avolumen _bnc |
||
| 505 | 2 | _aCiencia y conocimiento -- La sociedad -- La sociología -- La cultura y las pautas culturales -- Los grupos sociales -- la religión -- El comportamiento colectivo -- La familia, el matrimonio y el divorcio -- Sociología jurídica -- Los procesos electorales y las farsas. | |
| 942 |
_2ddc _cBK _n0 |
||
| 999 |
_c18385 _d18385 |
||